Introduction to vector and tensor analysis
Spremljeno u:
| Glavni autor: | |
|---|---|
| Format: | Knjiga |
| Jezik: | engleski |
| Izdano: |
Nueva York
Dover Publications Inc
1972
|
| Izdanje: | 1a. ed |
| Teme: | |
| Oznake: |
Dodaj oznaku
Bez oznaka, Budi prvi tko označuje ovaj zapis!
|
MARC
| LEADER | 00000nam a2200000 a 4500 | ||
|---|---|---|---|
| 001 | UCG0522 | ||
| 003 | CL-VaPUC | ||
| 008 | 100325e19720000US |||||||||||||||||eng|d | ||
| 020 | |a 048661879X | ||
| 082 | 0 | 4 | |a 515.63 |b WRE |2 21 |
| 100 | 0 | |a Wrede, Robert C |e author |9 547992 | |
| 245 | 1 | 0 | |a Introduction to vector and tensor analysis |
| 250 | |a 1a. ed | ||
| 300 | |a 418 p | ||
| 942 | |c BK | ||
| 945 | |d 20100325 00:00:00 |a dcastane | ||
| 260 | |a Nueva York |b Dover Publications Inc |c 1972 | ||
| 650 | 0 | |a Análisis vectorial |9 260451 | |
| 650 | 7 | |a CALCULO DE TENSORES |2 CL-VaPUC |9 260219 | |
| 583 | |a last modification |c 20130325 05:21:43 |k Rodrigo Vera | ||
| 999 | |c 340144 |d 340142 | ||
| 952 | |0 0 |1 0 |4 0 |6 515_630000000000000_WRE_1972 |7 0 |8 A |9 434678 |a BIBCUR |b BIBCUR |d 2019-11-22 |i 4653912 |l 1 |m 2 |o 515.63 WRE 1972 |p 4653912 |r 2025-04-22 |s 2024-04-22 |w 2019-11-22 |y BK |k FIS | ||